Hunter x Hunter Trivia Quiz Stats

 Plays Quiz not verified by Sporcle

Score 0/20 Timer 07:00
6 Plays Today
Hint Answer % Correct
Main Character (Very Green)Gon Freeces
94%
Who Killed Pitou?Gon
94%
Main Character's Best Friend (Rides A Skateboard)Killua Zoldyck
91.4%
Gon's FatherGing Freeces
90.5%
Strives To Become A Doctor (Dad Friend)Leorio Paradaknight
88.3%
Group Kurapika Wants Revenge OnPhantom Troupe
86.7%
Kite's KillerNeferupitou
85.2%
Kurta Clan Survivor (Mom Friend)Kurapika
84.7%
Who is the Chairman During Arcs 1-5?Issac Netero
84.4%
Killua's Precious Little SisterAlluka Zoldyck
81.7%
Hint Answer % Correct
The Zoldycks Are A Family Of What?Assassins
81.3%
Killua's Nen AbilityLightning
80.9%
The King's Real NameMeruem
80.5%
Hisoka's Nen AbilityBungee Gum
80.1%
Kurapika's Nen AbilityChains
76.5%
2nd Born Royal Guard (Butterfly)ShiaPouf
73.4%
3rd Born Royal Guard (Demon-Like)Youpi
70%
The King's Gungi OpponentKomugi
69.4%
Gon's Nen AbilityJajanken
66.7%
Who is the Newly Elected Chairman? Cheadle
50.5%

You're not logged in!

Compare scores with friends on all Sporcle quizzes.
OR
Log In

Show Comments

Extras

Created Nov 30, 2016ReportNominate
Tags:fan, hunter, spoiler, trivia, warning

Top Quizzes Today


Score Distribution

Your Account Isn't Verified!

In order to create a playlist on Sporcle, you need to verify the email address you used during registration. Go to your Sporcle Settings to finish the process.

Report this User

Report this user for behavior that violates our Community Guidelines.

Details: